The Great Tragedy / (Record no. 187400)

000 -LEADER
fixed length control field 00381 a2200157 4500
003 - CONTROL NUMBER IDENTIFIER
control field Nust
005 - DATE AND TIME OF LATEST TRANSACTION
control field 20230208093119.0
040 ## - CATALOGING SOURCE
Transcribing agency Nust
082 ## - DEWEY DECIMAL CLASSIFICATION NUMBER
Classification number 954.1,BHU
100 ## - MAIN ENTRY--PERSONAL NAME
Personal name Bhutto, Zulfikar Ali
9 (RLIN) 37719
245 ## - TITLE STATEMENT
Title The Great Tragedy /
Statement of responsibility, etc. Zulfikar Ali Bhutto
260 ## - PUBLICATION, DISTRIBUTION, ETC.
Place of publication, distribution, etc. Pakistan
300 ## - PHYSICAL DESCRIPTION
Extent 107:p
650 ## - SUBJECT ADDED ENTRY--TOPICAL TERM
Topical term or geographic name entry element Pakistan Politics 1971
9 (RLIN) 108708
942 ## - ADDED ENTRY ELEMENTS (KOHA)
Source of classification or shelving scheme
Koha item type Book
Call number prefix 954.1,BHU
Holdings
Withdrawn status Lost status Source of classification or shelving scheme Damaged status Not for loan Permanent Location Current Location Shelving location Date acquired Full call number Barcode Date last seen Price effective from Koha item type Public note
          Military College of Signals (MCS) Military College of Signals (MCS) General Stacks 12/12/2016 954.1,BHU MCS29567 12/08/2016 12/12/2016 Book Almirah No. 61, Shelf No. 5
© 2023 Central Library, National University of Sciences and Technology. All Rights Reserved.